Catálogo

La ciudad latinoamericana / (Registro nro. 63236)

Detalles MARC
000 -LEADER
fixed length control field 01329cam a2200361 i 4500
001 - CONTROL NUMBER
control field 63236
003 - CONTROL NUMBER IDENTIFIER
control field Mx-PuUPA
005 - DATE AND TIME OF LATEST TRANSACTION
control field 20260512120254.0
008 - FIXED-LENGTH DATA ELEMENTS--GENERAL INFORMATION
fixed length control field 150715s1997 mx abo gr 000 0 spa d
020 ## - INTERNATIONAL STANDARD BOOK NUMBER
International Standard Book Number 9682320852
040 ## - CATALOGING SOURCE
Original cataloging agency MX-PuUPA
Language of cataloging spa
Description conventions rda
Transcribing agency Mx-PuUPA
Modifying agency Mx-PuUPA
041 1# - LANGUAGE CODE
Language code of text/sound track or separate title spa
-- eng
043 ## - GEOGRAPHIC AREA CODE
Geographic area code cl-----
100 1# - MAIN ENTRY--PERSONAL NAME
Personal name Gilbert, Alan,
Dates associated with a name 1944-
Relator term autor
9 (RLIN) 6035
240 14 - UNIFORM TITLE
Uniform title The Latin American city.
Language of a work Español
245 13 - TITLE STATEMENT
Title La ciudad latinoamericana /
Statement of responsibility, etc. por Alan Gilbert ; traducción de Bertha Ruiz de la Concha
250 ## - EDITION STATEMENT
Edition statement Primera edición
264 #1 - PRODUCTION, PUBLICATION, DISTRIBUTION, MANUFACTURE, AND COPYRIGHT NOTICE
Place of production, publication, distribution, manufacture México, D.F. :
Name of producer, publisher, distributor, manufacturer Siglo XXI Editores,
Date of production, publication, distribution, manufacture, or copyright notice 1997
300 ## - PHYSICAL DESCRIPTION
Extent 227 páginas :
Other physical details ilustraciones, mapas, fotografías ;
Dimensions 21 cm
336 ## - CONTENT TYPE
Content type term texto
Fuente rdacontent
Content type code txt
337 ## - MEDIA TYPE
Media type term sin medio
Source rdamedia
Media type code n
338 ## - CARRIER TYPE
Carrier type term volumen
Source rdacarrier
Carrier type code nc
490 0# - SERIES STATEMENT
Series statement Arquitectura y urbanismo
650 #7 - SUBJECT ADDED ENTRY--TOPICAL TERM
Source of heading or term armarc
Topical term or geographic name entry element Migración rural-urbana
Geographic subdivision América Latina
650 #7 - SUBJECT ADDED ENTRY--TOPICAL TERM
Source of heading or term armarc
Topical term or geographic name entry element Urbanización
Geographic subdivision América Latina
650 #7 - SUBJECT ADDED ENTRY--TOPICAL TERM
Source of heading or term armarc
Topical term or geographic name entry element Política urbana
Geographic subdivision América Latina
650 #7 - SUBJECT ADDED ENTRY--TOPICAL TERM
Source of heading or term armarc
Topical term or geographic name entry element Ciudades y pueblos
Geographic subdivision América Latina
General subdivision Crecimiento
700 1# - ADDED ENTRY--PERSONAL NAME
Personal name Ruiz de la Concha, Bertha,
Relator term traductor
765 0# - ORIGINAL LANGUAGE ENTRY
Main entry heading Gilbert, Alan.
Title The Latin American city.
942 ## - ADDED ENTRY ELEMENTS (KOHA)
Source of classification or shelving scheme Dewey Decimal Classification
Koha item type Libro
Classification part 307.76098
Item part G4618
Existencias
Withdrawn status Lost status Source of classification or shelving scheme Damaged status Not for loan Collection code Home library Current library Shelving location Date acquired Source of acquisition Total Checkouts Full call number Barcode Price effective from Koha item type Date last seen Date last checked out
    Dewey Decimal Classification     General Biblioteca Karol Wojtyla Biblioteca Karol Wojtyla Sala general 27/11/2017 Compra 1 307.76098 G4618 1997 097437 27/11/2017 Libro 05/01/2026 30/05/2019
    Dewey Decimal Classification     General Tehuacán Tehuacán Sala general 15/07/2015 Compra   307.76098 G4618 1997 968000003259 15/07/2015 Libro